02675nam a22003257a 4500003000400000005001700004008004100021040007300062050002500135100003100160245013300191260006800324300004600392500010700438504005600545520125800601546002101859650002501880650002601905650001901931650001901950650001601969700003901985700004002024700004002064700004902104942003702153999001502190952014402205OSt20220811205825.0220811b ||||| |||| 00| 0 eng d aCvSU-CCAT Campus Library.bEnglish.cCvSU-CCAT Campus Library.erda. aUM TJ 1280bA46 2018 aAlminar, Princess O.96224 aDevelopment of Vertical Honing Machine with Cooling System / cPrincess O. Alminar, Nielyn A. Arellano, and Juluis T. Dela Cruz. aRosario, Cavite :bCavite State University--CCAT Campus,c2018. axiii, 57 leaves :bIllustration : c28 cm aDesign Project (BSIT) Major in Stationary Marine Technology--Cavite State University-CCAT Campus, 2018 aIncludes bibliographical references and appendices. aALMINAR, PRINCESS O.,ARELLANO,NIELYN A. and DELA CRUZ,JULIUS T. Development of Vertical Honing Machine with Cooling System. Undergraduate Thesis. Department of Industrial Technology. Cavite State University-Cavite College of Arts and Trades Campus, Rosario, Cavite. July 2018.Adviser:Mr.Josefino Ambayec. Technical critic: Mr. Danilo G. Santiago. The study was conducted from March 2017 to May 2018 at Cavite State University CCAT-Campus in SMT Building to develop and evaluate a vertical honing machine with cooling system. Specifically the study aims to: (1) design a vertical; (2) construct a vertical honing machine with cooling system; (3) evaluate and to test the vertical honing machine with cooling system. In terms of: (3.1) comparing speed of honing the bore of motor cycle cylinder using with or without cooling system based on the standard clearance of the manufacturer; and(3.2) determining the accuracy of honing by means of measuring the bore of motor cycle cylinder based on the manufacturer standard clearance. Mechanics, professors, students and other allied courses were the beneficiaries of the developed prototype. The collected data were tabulated, getting the mean of different trials used in the development of the project.  aIn English text. aHoning Machine96225 aCooling Machine96226 aVertical96227 aAccuracy96228 aSpeed95920 aArellano, Nielyn A., Author.96229 aDela Cruz, Julius T., Author.96230 aAmbayec Josefino E., Adviser.95867 aSantiago, Danilo G., Technical critic.96045 cT/M/DhTJ 1280 A46 2018kUM2lcc c1861d1861 00102lcc40708UMaCCATLIBbCCATLIBcTHd2022-08-11fUMl0oUM TJ 1280 A46 2018pT0005141r2025-10-24 00:00:00t1 copyw2022-08-11yT/M/D